Epikléza v súčasnom ekumenickom dialógu cirkvi Východu a Západu (vo svetle dokumentov náboženského dialógu)

Bibliographic Details
Main Author: Dancák, Miroslav, 1958- (Author)
Format: Book
Language:Slovak
Polish
PhysicalDescription:158 strán 20 cm
Published: Prešov Petra 2003
ISBN:8089007384
Edition:[1. vyd.]
Subjects:

MARC

LEADER 00000cam a2200000 a 4500
001 vtls001472223
003 SK-MaSNL
005 20260302094425.0
008 240226s2003 xo grn 000 0 slo
015 |a SNBA2004/10-05822 
020 |a 8089007384 
035 |a SNK000427525 
035 |a urn:nbn:sk:snk-am3j2fo 
035 |a 080D5D33-E329-4606-A2EA-77F01ADB4371 
035 |a urn:nbn:sk:snk-am00gfqd 
040 |a SNK  |b slo  |c SNK  |e AACR2 
041 0 |a slo  |a pol 
044 |a xo  |c SK 
072 7 |a 27  |x Kresťanstvo. Kresťanská cirkev všeobecne. Ekleziológia  |2 konspekt 
080 |a 27-4  |2 1997 
080 |a 271.2  |2 1997 
080 |a 272  |2 1997 
080 |a 271.2-7  |2 2011 
080 |a 272/273  |2 2011 
080 |a 27-675  |2 2011 
080 |a 27-4  |2 2011 
080 |a 2-67  |2 2011 
080 |a (0.064)  |2 2011 
080 |a 26‑534.3  |2 2011 
100 1 |a Dancák, Miroslav,  |d 1958-  |4 aut  |9 223994 
245 1 0 |a Epikléza v súčasnom ekumenickom dialógu cirkvi Východu a Západu  |b (vo svetle dokumentov náboženského dialógu)  |c Miroslav Dancák 
250 |a [1. vyd.] 
260 |a Prešov  |b Petra  |c 2003 
300 |a 158 strán  |c 20 cm 
504 |a Bibliografia na strane 155-158 
546 |a Čiastočný text v poľštine 
650 0 7 |a ekumenizmus  |2 SNKPH  |9 1932 
650 0 7 |a kresťanský život  |2 SNKPH  |9 1808 
650 0 7 |a medzináboženský dialóg  |2 SNKPH  |9 90424 
650 0 7 |a pravoslávne cirkvi  |2 SNKPH  |9 84045 
650 0 7 |a katolícke cirkvi  |2 SNKPH  |9 90971 
650 0 7 |a modlitby  |2 SNKPH  |9 1743 
655 7 |a výklady  |2 SNKPH  |9 29178 
919 |a 80-89007-38-4 
958 |a NB 
958 |a NT 
958 |a OND 
999 |c 1213113  |d 1215043 
952 |t P60, <04>, [BOOK], {604}  |a SNK  |b SNK  |y VYP  |7 0  |p 17A0424086  |o snkSC 115346 D1  |i snkKSP 4762/2004  |0 0  |1 0  |4 0  |d 2004-03-31  |l 0  |r 2005-01-02 00:00:00  |w 2026-02-24 
952 |t P60, <03>, [BOOK], {603}  |a SNK  |b SNK  |y PREZ  |7 0  |p 17A0424087  |o snkSC 115346  |i snkKSP 4761/2004  |0 0  |1 0  |4 0  |d 2004-03-31  |f 1  |l 0  |r 2025-10-03 00:00:00  |w 2026-02-24